[Event "Niederoesterreich-ch Seniors op"]
[Site "Spitz in der Wachau"]
[Date "2020.10.11"]
[Round "1"]
[White "Klein, Reinhard"]
[Black "Koller, Hubert"]
[Result "1/2-1/2"]
[WhiteElo "1849"]
[BlackElo "1993"]
[PlyCount "29"]
[EventDate "2020.10.11"]
[EventType "swiss"]
[EventRounds "7"]
[EventCountry "AUT"]
[SourceTitle "CBM 198 Extra"]
[Source "ChessBase"]
[SourceDate "2020.11.30"]
[SourceVersion "1"]
[SourceVersionDate "2020.11.30"]
[SourceQuality "1"]

1. d4 c5 2. d5 e5 3. e4 d6 4. Nc3 Be7 5. Nf3 Bg4 6. Be2 Bxf3 7. Bb5+ Nd7 8. Qxf3 a6 9. Bxd7+ Qxd7 10. a4 Nf6 11. Bd2 0-0 12. a5 Qg4 13. Qxg4 Nxg4 14. h3 Nf6 15. Ke2 1/2-1/2

[Event "St Veit op-B 38th"]
[Site "St Veit"]
[Date "2019.07.12"]
[Round "8"]
[White "Koller, Hubert"]
[Black "Huber, Mario"]
[Result "1-0"]
[WhiteElo "2029"]
[BlackElo "1942"]
[PlyCount "123"]
[EventDate "2019.07.06"]
[EventType "swiss"]
[EventRounds "9"]
[EventCountry "AUT"]
[SourceTitle "EXT 2021"]
[Source "ChessBase"]
[SourceDate "2020.10.23"]
[SourceVersion "1"]
[SourceVersionDate "2020.10.23"]
[SourceQuality "1"]

1. Nf3 d5 2. d4 Nf6 3. Bf4 c5 4. e3 Nc6 5. c3 Qb6 6. Qb3 c4 7. Qxb6 axb6 8. Na3 Ra5 9. Bc7 Nd7 10. Be2 e5 11. Nc2 e4 12. Nd2 Ra6 13. 0-0 b5 14. a3 Be7 15. f3 f5 16. fxe4 fxe4 17. Bh5+ g6 18. Bg4 Nb6 19. Bxc8 Nxc8 20. Nb4 Nxb4 21. axb4 Rf8 22. Rfe1 Kd7 23. Rxa6 bxa6 24. Bg3 Bg5 25. Bf2 Nb6 26. b3 cxb3 27. Nxb3 Na4 28. Nc5+ Nxc5 29. bxc5 Kc6 30. Ra1 Ra8 31. Kf1 a5 32. Ke2 Bd8 33. Kd2 Bc7 34. h3 Rf8 35. Ke2 g5 36. g4 a4 37. h4 h6 38. hxg5 hxg5 39. Rh1 Rf6 40. Rh8 Kb7 41. Rh1 Kc6 42. Be1 Kb7 43. Bd2 Bg3 44. Kd1 Bh4 45. Be1 Rh6 46. Kc2 Kc6 47. Kb2 Rh7 48. Ka3 Rf7 49. Bxh4 gxh4 50. Rxh4 Rf3 51. Rh6+ Kc7 52. Rd6 Rxe3 53. Kb4 a3 54. Ra6 Rg3 55. Rxa3 Rxg4 56. Kxb5 Rg3 57. Ra7+ Kc8 58. Kc6 Kb8 59. Re7 Rg5 60. Kd6 Rg3 61. Kxd5 Rxc3 62. Kxe4 1-0

[Event "St Veit op-B 38th"]
[Site "St Veit"]
[Date "2019.07.10"]
[Round "6"]
[White "Koller, Hubert"]
[Black "Raschun, Gerhard"]
[Result "1-0"]
[WhiteElo "2029"]
[BlackElo "1889"]
[PlyCount "63"]
[EventDate "2019.07.06"]
[EventType "swiss"]
[EventRounds "9"]
[EventCountry "AUT"]
[SourceTitle "EXT 2021"]
[Source "ChessBase"]
[SourceDate "2020.10.23"]
[SourceVersion "1"]
[SourceVersionDate "2020.10.23"]
[SourceQuality "1"]

1. d4 e6 2. Nf3 d5 3. Bf4 Nf6 4. Nbd2 c5 5. e3 Nc6 6. c3 a6 7. a4 Bd7 8. Bd3 cxd4 9. exd4 Rc8 10. 0-0 Be7 11. Ne5 0-0 12. Qe2 Be8 13. Rfc1 Qb6 14. b4 Nxe5 15. dxe5 Nd7 16. a5 Qd8 17. Nf3 Rc6 18. Nd4 Rc8 19. Bd2 Nb8 20. f4 Nc6 21. Nf3 Bd7 22. Rf1 f5 23. exf6 Bxf6 24. Ne5 Be8 25. Qe3 Bxe5 26. fxe5 Bf7 27. Qh3 g6 28. Bh6 Re8 29. Rae1 Qc7 30. Bg5 Nd8 31. Bf6 Rf8 32. Qh6 1-0

[Event "St Veit op-B 38th"]
[Site "St Veit"]
[Date "2019.07.07"]
[Round "3"]
[White "Gampersberger, Herbert"]
[Black "Koller, Hubert"]
[Result "1/2-1/2"]
[WhiteElo "1893"]
[BlackElo "2029"]
[PlyCount "76"]
[EventDate "2019.07.06"]
[EventType "swiss"]
[EventRounds "9"]
[EventCountry "AUT"]
[SourceTitle "EXT 2021"]
[Source "ChessBase"]
[SourceDate "2020.10.23"]
[SourceVersion "1"]
[SourceVersionDate "2020.10.23"]
[SourceQuality "1"]

1. c4 Nf6 2. Nf3 c5 3. Nc3 Nc6 4. d4 cxd4 5. Nxd4 g6 6. e4 d6 7. Be2 Bg7 8. Be3 0-0 9. f3 e5 10. Ndb5 Ne8 11. 0-0 a6 12. Na3 f5 13. Nd5 Be6 14. Qd2 f4 15. Bb6 Qd7 16. Rfd1 Qf7 17. Rac1 Nd4 18. Bf1 Rc8 19. Nc2 Bxd5 20. cxd5 Nxc2 21. Rxc2 Nf6 22. Rdc1 Rxc2 23. Rxc2 Ne8 24. Bc4 Bf6 25. a4 Qd7 26. Bb3 g5 27. Qb4 g4 28. a5 gxf3 29. gxf3 Kh8 30. Rg2 Be7 31. Ba4 Qh3 32. Bd1 Qc8 33. Qd2 Bd8 34. Bf2 Nf6 35. Kh1 Qc4 36. Be1 Qc7 37. b4 Be7 38. Qd3 Rc8 1/2-1/2

[Event "AUT-ch Seniors 65"]
[Site "Deutschlandsberg"]
[Date "2019.04.30"]
[Round "3.1"]
[White "Gneiss, Karl"]
[Black "Koller, Hubert"]
[Result "1-0"]
[WhiteElo "2082"]
[BlackElo "2000"]
[PlyCount "97"]
[EventDate "2019.04.28"]
[EventType "swiss"]
[EventRounds "7"]
[EventCountry "AUT"]
[SourceTitle "EXT 2024"]
[Source "ChessBase"]
[SourceDate "2023.10.10"]
[SourceVersion "1"]
[SourceVersionDate "2023.10.10"]
[SourceQuality "1"]

1. c4 e5 2. g3 Bc5 3. Nc3 Nc6 4. Bg2 Nge7 5. a3 a5 6. e3 d6 7. Nge2 Bg4 8. h3 Bd7 9. d4 Ba7 10. 0-0 0-0 11. d5 Nb8 12. b4 Bb6 13. b5 Bc5 14. Na4 b6 15. Nxc5 bxc5 16. Bb2 Bf5 17. f4 f6 18. g4 Bg6 19. Ng3 Nd7 20. a4 exf4 21. exf4 Nb6 22. Qb3 f5 23. g5 Kf7 24. h4 h5 25. Qc3 Rg8 26. Bf3 Qf8 27. Nxh5 Bxh5 28. Bxh5+ g6 29. Bf3 Ke8 30. Rfe1 Kd7 31. h5 gxh5 32. Bxh5 Ng6 33. Bxg6 Rxg6 34. Qd3 Qf7 35. Re2 Re8 36. Rxe8 Kxe8 37. Kf2 Kd7 38. Bf6 Rxf6 39. gxf6 Qxf6 40. Rh1 Nxa4 41. Rh5 Qd4+ 42. Qxd4 cxd4 43. Rxf5 Nb2 44. Rf7+ Kd8 45. Ke2 Nxc4 46. Kd3 Na3 47. f5 Nxb5 48. f6 a4 49. Re7 1-0

[Event "AUT-ch Seniors 65"]
[Site "Deutschlandsberg"]
[Date "2019.04.29"]
[Round "2.5"]
[White "Koller, Hubert"]
[Black "Krobath, Werner"]
[Result "1-0"]
[WhiteElo "2000"]
[BlackElo "1804"]
[PlyCount "57"]
[EventDate "2019.04.28"]
[EventType "swiss"]
[EventRounds "7"]
[EventCountry "AUT"]
[SourceTitle "EXT 2024"]
[Source "ChessBase"]
[SourceDate "2023.10.10"]
[SourceVersion "1"]
[SourceVersionDate "2023.10.10"]
[SourceQuality "1"]

1. Nf3 Nf6 2. g3 b6 3. Bg2 Bb7 4. 0-0 e6 5. b3 d5 6. Bb2 Nbd7 7. d4 Be7 8. Nbd2 0-0 9. Rc1 c5 10. c4 Rc8 11. Re1 Ne4 12. cxd5 exd5 13. Ne5 Nxe5 14. Nxe4 Nc6 15. Nc3 Nb4 16. a3 cxd4 17. Qxd4 Bc5 18. Qd2 Na6 19. b4 Nxb4 20. axb4 Bxb4 21. Red1 Rc5 22. Qd3 Qa8 23. Bxd5 Bxc3 24. Bxb7 Qxb7 25. Bxc3 a5 26. Rb1 Qc7 27. Bd4 Rc6 28. Qb5 Rb8 29. Be5 1-0

[Event "North Austria-ch Seniors 65"]
[Site "Spitz am Donau"]
[Date "2017.10.12"]
[Round "5"]
[White "Aziz, Samir"]
[Black "Koller, Hubert"]
[Result "0-1"]
[WhiteElo "1540"]
[BlackElo "2046"]
[PlyCount "60"]
[EventDate "2017.10.08"]
[EventType "swiss"]
[EventRounds "7"]
[EventCountry "AUT"]
[SourceTitle "CBM 181 Extra"]
[Source "ChessBase"]
[SourceDate "2017.12.12"]
[SourceVersion "1"]
[SourceVersionDate "2017.12.12"]
[SourceQuality "1"]

1. Nf3 d5 2. g3 c5 3. Bg2 Nc6 4. d3 e5 5. 0-0 Nf6 6. c4 d4 7. Na3 Be7 8. Nc2 0-0 9. a3 a5 10. Rb1 Qc7 11. Bd2 a4 12. Ng5 Bf5 13. f4 exf4 14. Bxf4 Qd7 15. Bd2 h6 16. Nf3 Bh3 17. b4 axb3 18. Rxb3 Bxg2 19. Kxg2 Ng4 20. Nh4 Bxh4 21. gxh4 Nce5 22. Bf4 Rae8 23. h3 Qc6+ 24. Kg1 Qg6 25. Kh1 Ne3 26. Nxe3 dxe3 27. Bxe3 Qg3 28. Bxc5 Qxh3+ 29. Kg1 Qg3+ 30. Kh1 Ng4 0-1

[Event "Oberoesterreich-ch op"]
[Site "Traun"]
[Date "2017.04.12"]
[Round "6"]
[White "Braeuer, Konrad"]
[Black "Koller, Hubert"]
[Result "0-1"]
[WhiteElo "1779"]
[BlackElo "2053"]
[PlyCount "66"]
[EventDate "2017.04.07"]
[EventType "swiss"]
[EventRounds "9"]
[EventCountry "AUT"]
[SourceTitle "EXT 2024"]
[Source "ChessBase"]
[SourceDate "2023.10.10"]
[SourceVersion "1"]
[SourceVersionDate "2023.10.10"]
[SourceQuality "1"]

1. Nf3 d5 2. g3 Nf6 3. d3 c5 4. Bg2 Nc6 5. 0-0 e5 6. c3 Be7 7. Nbd2 0-0 8. e4 d4 9. Nc4 Qc7 10. a4 Bg4 11. Qc2 Rad8 12. Nh4 Qd7 13. f3 Be6 14. Rd1 Ne8 15. f4 exf4 16. Bxf4 Bxc4 17. dxc4 g5 18. Nf5 gxf4 19. Bh3 Qc7 20. gxf4 Qxf4 21. Qg2+ Kh8 22. Rf1 Qg5 23. Rf2 Qxg2+ 24. Rxg2 dxc3 25. bxc3 Bf6 26. Rf1 Bxc3 27. Nh6 Nd6 28. Rf4 Bg7 29. Nf5 Nxf5 30. Rxf5 Rd1+ 31. Kf2 Rd2+ 32. Kf3 Ne5+ 33. Kg3 Rxg2+ 0-1

[Event "Bayern-ch op Seniors 26th"]
[Site "Bergen"]
[Date "2014.06.22"]
[Round "2"]
[White "Koller, Hubert"]
[Black "Aigner, Georg"]
[Result "1-0"]
[WhiteElo "2089"]
[BlackElo "1786"]
[PlyCount "79"]
[EventDate "2014.06.21"]
[EventType "swiss"]
[EventRounds "7"]
[EventCountry "GER"]
[SourceTitle "EXT 2018"]
[Source "ChessBase"]
[SourceDate "2017.10.13"]
[SourceVersion "1"]
[SourceVersionDate "2017.10.13"]
[SourceQuality "1"]

1. e4 e5 2. Nf3 Nc6 3. Bb5 a6 4. Ba4 Nf6 5. 0-0 b5 6. Bb3 Be7 7. Re1 d6 8. d4 Bg4 9. d5 Nd4 10. Qd3 Bxf3 11. gxf3 Qd7 12. c3 Nxb3 13. axb3 0-0 14. Nd2 Nh5 15. Nf1 f5 16. exf5 Qxf5 17. Qxf5 Rxf5 18. Kg2 Raf8 19. Be3 Rxf3 20. Ng3 g6 21. Nxh5 gxh5 22. Rxa6 Bh4 23. Re2 R3f7 24. c4 bxc4 25. bxc4 Rg7+ 26. Kf1 Rg4 27. Rc6 Bd8 28. b4 Rf3 29. b5 Rh3 30. Ra2 Kf7 31. Ra7 Kf6 32. b6 cxb6 33. Rxd6+ Kf5 34. Rxd8 Rxc4 35. Bxb6 Rxh2 36. Be3 Rb4 37. Ra2 Rb3 38. Kg1 Rh4 39. Rf8+ Ke4 40. Ra4+ 1-0

[Event "EU-chT Seniors 15th"]
[Site "Dresden"]
[Date "2013.07.27"]
[Round "8"]
[White "Koller, Hubert"]
[Black "Groschup, Gerhard"]
[Result "1-0"]
[WhiteElo "2113"]
[BlackElo "2010"]
[PlyCount "147"]
[EventDate "2013.07.20"]
[EventType "team-swiss"]
[EventRounds "9"]
[EventCountry "GER"]
[SourceTitle "CBM 155 Extra"]
[Source "ChessBase"]
[SourceDate "2013.08.26"]
[SourceVersion "1"]
[SourceVersionDate "2013.08.26"]
[SourceQuality "1"]
[WhiteTeam "Salzburg"]
[BlackTeam "Dresden Striesen"]
[WhiteTeamCountry "AUT"]
[BlackTeamCountry "GER"]

1. d4 d5 2. c4 e6 3. Nc3 Nf6 4. Bg5 c6 5. e3 Nbd7 6. Nf3 Qa5 7. Nd2 Bb4 8. Qc2 0-0 9. Be2 dxc4 10. Bxf6 Nxf6 11. Nxc4 Qg5 12. 0-0 b5 13. Ne5 Bb7 14. f4 Qh6 15. Rf3 g6 16. g4 Nd5 17. g5 Qg7 18. Nxd5 exd5 19. Nd7 Rfd8 20. Nf6+ Kf8 21. Rh3 h5 22. Bxh5 gxh5 23. Rxh5 Be7 24. Nh7+ Ke8 25. f5 Rd6 26. Kh1 f6 27. gxf6 Bxf6 28. Rg1 Qf7 29. Nxf6+ Rxf6 30. Rhg5 Qe7 31. R1g3 Kd7 32. Rg7 Rf7 33. f6 Qxf6 34. Rxf7+ Qxf7 35. Qg2 Qf6 36. Rg7+ Ke8 37. Rxb7 Kf8 38. Kg1 Re8 39. Qf2 Qxf2+ 40. Kxf2 a5 41. b3 Re4 42. Rh7 Re6 43. Ke2 Rg6 44. Rc7 Rg2+ 45. Kd3 Rxa2 46. Rxc6 Ra3 47. Rc5 Rxb3+ 48. Kc2 Rxe3 49. Rxb5 Re2+ 50. Kc3 Rxh2 51. Rxa5 Rh5 52. Ra7 Rh6 53. Rd7 Rh5 54. Kb4 Ke8 55. Ra7 Rg5 56. Kc5 Rh5 57. Kd6 Rg5 58. Rh7 Kf8 59. Ke6 Rg1 60. Kxd5 Rc1 61. Kd6 Rd1 62. d5 Rd2 63. Ke6 Re2+ 64. Kd7 Rd2 65. d6 Re2 66. Rh5 Rf2 67. Rc5 Kf7 68. Re5 Rf1 69. Rc5 Rf6 70. Kc7 Ke6 71. Kc6 Rf1 72. Rc2 Re1 73. d7 Ke7 74. Kc7 1-0

[Event "Niederoesterreich Landesliga 1213"]
[Site "Austria"]
[Date "2013.02.17"]
[Round "6"]
[White "Koller, Hubert"]
[Black "Stangler, Peter"]
[Result "1-0"]
[WhiteElo "2024"]
[BlackElo "1969"]
[PlyCount "69"]
[EventDate "2012.09.30"]
[EventType "team-tourn"]
[EventRounds "7"]
[EventCountry "AUT"]
[SourceTitle "EXT 2022"]
[Source "ChessBase"]
[SourceDate "2021.10.06"]
[SourceVersion "1"]
[SourceVersionDate "2021.10.06"]
[SourceQuality "1"]

1. d4 Nf6 2. c4 c5 3. d5 e6 4. Nc3 exd5 5. cxd5 d6 6. g3 g6 7. Bg2 Bg7 8. e4 0-0 9. Nf3 Bg4 10. h3 Bxf3 11. Qxf3 Na6 12. 0-0 Nc7 13. a4 b6 14. Qd3 Rb8 15. Nb5 Rb7 16. e5 Nfe8 17. Nxd6 Nxd6 18. exd6 Ne8 19. Qa6 Nxd6 20. a5 Bf6 21. Bf4 Re7 22. axb6 axb6 23. Bxd6 Qxd6 24. Qb5 Re5 25. Ra6 Bd8 26. Rd1 Bc7 27. Qc6 Rd8 28. Rda1 Kf8 29. Ra8 Ree8 30. Rxd8 Qxc6 31. dxc6 Bxd8 32. Ra7 Re7 33. Ra8 Ke8 34. Bf1 Rc7 35. Bb5 1-0

[Event "Niederoesterreich Landesliga 1213"]
[Site "Austria"]
[Date "2013.01.27"]
[Round "5"]
[White "Neumann, Christian"]
[Black "Koller, Hubert"]
[Result "0-1"]
[WhiteElo "1992"]
[BlackElo "2024"]
[PlyCount "82"]
[EventDate "2012.09.30"]
[EventType "team-tourn"]
[EventRounds "7"]
[EventCountry "AUT"]
[SourceTitle "EXT 2022"]
[Source "ChessBase"]
[SourceDate "2021.10.06"]
[SourceVersion "1"]
[SourceVersionDate "2021.10.06"]
[SourceQuality "1"]

1. e4 e6 2. d3 b6 3. g3 Bb7 4. Bg2 g6 5. Nh3 Bg7 6. 0-0 Ne7 7. c3 0-0 8. Bg5 f6 9. Be3 Na6 10. Nd2 Nc5 11. d4 Na6 12. b4 c6 13. Qb3 d5 14. c4 Nc7 15. b5 dxc4 16. Nxc4 cxb5 17. Na3 Qd7 18. Rac1 Kh8 19. Rfd1 Nc8 20. Nf4 Re8 21. d5 exd5 22. Bh3 Qf7 23. Nxd5 Nxd5 24. exd5 a6 25. Bf4 g5 26. Rc7 Qh5 27. Rxb7 gxf4 28. Be6 fxg3 29. hxg3 Nd6 30. Rc7 Rad8 31. Kg2 f5 32. Rh1 Qg6 33. Qe3 Rf8 34. Qf4 Ne4 35. Nc2 Ng5 36. Nd4 Qf6 37. Nc6 Rde8 38. Qh4 h6 39. Bd7 Re4 40. Qh5 f4 41. g4 f3+ 0-1

[Event "Niederoesterreich Landesliga 1213"]
[Site "Austria"]
[Date "2012.10.14"]
[Round "2"]
[White "Koller, Hubert"]
[Black "Kadletz, Karl"]
[Result "1-0"]
[WhiteElo "2024"]
[BlackElo "1951"]
[PlyCount "106"]
[EventDate "2012.09.30"]
[EventType "team-tourn"]
[EventRounds "7"]
[EventCountry "AUT"]
[SourceTitle "EXT 2022"]
[Source "ChessBase"]
[SourceDate "2021.10.06"]
[SourceVersion "1"]
[SourceVersionDate "2021.10.06"]
[SourceQuality "1"]

1. e4 d6 2. d4 Nf6 3. Nc3 g6 4. h3 Bg7 5. Nf3 c6 6. Be3 Qb6 7. Rb1 0-0 8. Bc4 Nxe4 9. Nxe4 d5 10. Bb3 dxe4 11. Ng5 Bf5 12. g4 Bc8 13. Nxe4 e5 14. d5 Qb4+ 15. Nc3 cxd5 16. a3 Qa5 17. Qxd5 Qxd5 18. Nxd5 Nc6 19. Nc7 Rb8 20. Rd1 Nd4 21. Ba4 b6 22. c3 Bb7 23. cxd4 exd4 24. Rh2 Be5 25. f4 Bxc7 26. Rxd4 Bd8 27. g5 b5 28. Bb3 Bb6 29. Rd3 Be4 30. Bxb6 Bxd3 31. Bxa7 Rbc8 32. Bd4 Bc4 33. Bxc4 Rxc4 34. Be5 Rfc8 35. Re2 Rc1+ 36. Kf2 R8c2 37. Rxc2 Rxc2+ 38. Ke3 Kf8 39. Bc3 Ke7 40. Kd3 Rh2 41. Ke4 Ke6 42. Be5 Rxh3 43. Kd4 h5 44. gxh6 f6 45. Bc7 Kd7 46. Ba5 Rxh6 47. Bc3 Rh5 48. b3 Rh4 49. Ke3 Rh3+ 50. Kd2 Ke6 51. a4 bxa4 52. bxa4 Rf3 53. a5 Rxf4 1-0

[Event "Bad Wiessee Seniors op"]
[Site "Bad Wiessee"]
[Date "2012.04.27"]
[Round "7"]
[White "Koller, Hubert"]
[Black "Reinke, Kurt"]
[Result "1/2-1/2"]
[WhiteElo "2109"]
[BlackElo "1810"]
[PlyCount "49"]
[EventDate "2012.04.21"]
[EventType "swiss"]
[EventRounds "9"]
[EventCountry "GER"]
[SourceTitle "EXT 2015"]
[Source "ChessBase"]
[SourceDate "2014.11.20"]
[SourceVersion "1"]
[SourceVersionDate "2014.11.20"]
[SourceQuality "1"]

1. d4 e6 2. c4 b6 3. e4 Bb7 4. Nc3 Bb4 5. f3 Qh4+ 6. g3 Qd8 7. Bg2 f5 8. Nge2 Ne7 9. a3 Bxc3+ 10. bxc3 0-0 11. 0-0 fxe4 12. fxe4 Rxf1+ 13. Qxf1 Nbc6 14. Nf4 Qe8 15. Qe2 e5 16. Nd5 exd4 17. Bg5 Nxd5 18. cxd5 d3 19. Qxd3 Ne5 20. Qd4 d6 21. Rf1 Qh5 22. Bf4 Ba6 23. Rf2 Rf8 24. Bxe5 Rxf2 25. Qxf2 1/2-1/2

[Event "Bad Wiessee Seniors op"]
[Site "Bad Wiessee"]
[Date "2012.04.26"]
[Round "6"]
[White "Bischof, Rainer"]
[Black "Koller, Hubert"]
[Result "1/2-1/2"]
[WhiteElo "1867"]
[BlackElo "2109"]
[PlyCount "123"]
[EventDate "2012.04.21"]
[EventType "swiss"]
[EventRounds "9"]
[EventCountry "GER"]
[SourceTitle "EXT 2015"]
[Source "ChessBase"]
[SourceDate "2014.11.20"]
[SourceVersion "1"]
[SourceVersionDate "2014.11.20"]
[SourceQuality "1"]

1. e4 c6 2. d4 d6 3. Nf3 Nd7 4. Nc3 e5 5. Be2 Be7 6. 0-0 Ngf6 7. h3 Qc7 8. Be3 0-0 9. a4 a5 10. Nd2 exd4 11. Bxd4 Nc5 12. Bf3 Nfd7 13. Nc4 Ne5 14. Nxe5 dxe5 15. Be3 Rd8 16. Qe2 Ne6 17. Rad1 Nd4 18. Bxd4 exd4 19. Nb1 b5 20. axb5 cxb5 21. e5 Rb8 22. c3 dxc3 23. Rxd8+ Bxd8 24. Nxc3 Be6 25. Rd1 Qc4 26. Qxc4 bxc4 27. Rd2 Bg5 28. Re2 Bc1 29. Nd1 a4 30. Rc2 Bf4 31. Kf1 Bxe5 32. Bc6 Bf5 33. Rd2 Bd3+ 34. Ke1 Rb4 35. Be4 Rb3 36. Bxd3 cxd3 37. Kf1 f6 38. g3 Kf7 39. Kg2 Bd6 40. Ne3 Bb4 41. Rd1 d2 42. Nc4 Rd3 43. Kf1 Rd4 44. Ne3 g6 45. Nc2 Rc4 46. Nxb4 Rxb4 47. Rxd2 Ke6 48. Ke2 h5 49. h4 g5 50. hxg5 fxg5 51. Kf3 Ke5 52. Kg2 Ke4 53. Kf1 h4 54. gxh4 gxh4 55. Kg2 Kf4 56. Re2 Rb3 57. Rc2 Rb4 58. Rd2 Kg5 59. Rc2 h3+ 60. Kh2 Rf4 61. Rd2 Rb4 62. Rc2 1/2-1/2

[Event "Bad Wiessee Seniors op"]
[Site "Bad Wiessee"]
[Date "2012.04.22"]
[Round "2"]
[White "Thieme, Wolfgang"]
[Black "Koller, Hubert"]
[Result "0-1"]
[WhiteElo "1801"]
[BlackElo "2109"]
[PlyCount "50"]
[EventDate "2012.04.21"]
[EventType "swiss"]
[EventRounds "9"]
[EventCountry "GER"]
[SourceTitle "EXT 2015"]
[Source "ChessBase"]
[SourceDate "2014.11.20"]
[SourceVersion "1"]
[SourceVersionDate "2014.11.20"]
[SourceQuality "1"]

1. e4 g6 2. d4 Bg7 3. Nc3 c6 4. Nf3 d6 5. h3 Nd7 6. Be2 e5 7. Be3 Ngf6 8. Qd2 Qc7 9. 0-0 0-0 10. Rad1 b5 11. b4 a5 12. a3 axb4 13. axb4 Bb7 14. dxe5 dxe5 15. Qd6 Qxd6 16. Rxd6 Rfd8 17. Rfd1 Bf8 18. Bb6 Bxd6 19. Bxd8 Bxb4 20. Bxf6 Nxf6 21. Rd3 Bxc3 22. Rxc3 Nxe4 23. Re3 f5 24. Nxe5 Nxf2 25. Bf3 f4 0-1